• 首页
  • 本馆介绍
  • 公告通知
  • 最新文献
  • 馆藏检索
  • 电子资源
  • 读者导购
  • 参考咨询
  • 我的图书馆
  • 登录
  • 详细信息显示
  • 放入我的书架
  • 预约/预借图书
  • 作者相关作品
  • 分类相关作品
  • 丛书相关作品
  • 出版社相关作品

书目信息

  • 表格格式
  • 工作单格式
  • 卡片格式
题名:
3D打印技术基础
    
 
作者: 朱红 , 陈森昌 主编
分册:  
出版信息: 武汉   华中科技大学出版社  2019
页数: 109页
开本: 24cm
丛书名: 全国应用型高校3D打印领域人才培养“十三五”规划教材
单 册:
中图分类: TS853
科图分类:
主题词: 立体印刷--li ti yin shua--印刷术--高等学校--教材
电子资源:
ISBN: 978-7-5680-2925-4
000 01194nam 2200289 45
001 012001002974
005 20140126112534.0
010    @a978-7-5680-2925-4@dCNY30.00
099    @aCAL 012017133892
100    @a20170911d2017 em y0chiy50 ea
101 0  @achi
102    @aCN@b420000
105    @aak a 000yy
106    @ar
200 1  @a3D打印技术基础@A3D da yin ji shu ji chu@f主编朱红, 陈森昌
210    @a武汉@c华中科技大学出版社@d2019
215    @a109页@c图@d24cm
225 2  @a全国应用型高校3D打印领域人才培养“十三五”规划教材@Aquan guo ying yong xing gao xiao 3D da yin ling yu ren cai pei yang “shi san wu ”gui hua jiao cai
320    @a有书目 (第107-109页)
330    @a本书全面的介绍了3D打印技术的发展过程,3D打印技术的原理、种类、应用、优势:增材制造的局限都做了充分的表述。同时介绍了该技术在国外及国内的发展状态;并对现有的3D打印的技术分类做了详细的说明。
410  0 @12001 @a全国应用型高校3D打印领域人才培养“十三五”规划教材
606 0  @a立体印刷@Ali ti yin shua@x印刷术@x高等学校@j教材
690    @aTS853@v4
701  0 @a朱红@Azhu hong@4主编
701  0 @a陈森昌@Achen sen chang@4主编
801  2 @aCN@b北京卓展@c20191020
905    @b1204948-51@dTS853@e91@f4
    
    3D打印技术基础/主编朱红, 陈森昌.-武汉:华中科技大学出版社,2019
    109页:图;24cm.-(全国应用型高校3D打印领域人才培养“十三五”规划教材)
    
    
    ISBN 978-7-5680-2925-4:CNY30.00
    本书全面的介绍了3D打印技术的发展过程,3D打印技术的原理、种类、应用、优势:增材制造的局限都做了充分的表述。同时介绍了该技术在国外及国内的发展状态;并对现有的3D打印的技术分类做了详细的说明。
●
相关链接 在E读中查询图书 在五车中查询图书 在当当中查询图书 在豆瓣中查询图书


正题名:3D打印技术基础     索取号:TS853/91         预约/预借

序号 登录号 条形码 馆藏地/架位号 状态 备注
1 1204948   212049488   第二样本阅览室/ [索取号:TS853/91] 在馆    
2 1204949   212049497   第三借阅区/ [索取号:TS853/91] 在馆    
3 1204950   212049503   第三借阅区/ [索取号:TS853/91] 在馆    
4 1204951   212049512   第三借阅区/ [索取号:TS853/91] 在馆    
唐山师范学院图书馆 欢迎您!
大连网信软件有限公司© 版权所有